01199cam a22003131 4500999001900000001000800019003000500027005001700032008004100049010001700090020001700107040003000124050003000154082001600184100005600200245013000256260003800386300002600424505009500450600002900545650004500574650003000619740002800649740001600677740002400693906004500717942001200762952011100774 c328528d3285284060046Nust20170411115036.0711013s1965 nyub 000 1 eng  a 66000953  a070999006994 aDLCcDLCdDLCdOCoLCdDLC00aPZ3.T576bLo3aPR6039.O32 a823.92bTOL1 aTolkien, J. R. R.q(John Ronald Reuel),d1892-1973.14aThe lord of the rings;being the third part of The lord of the rings/cby J. R. R. Tolkien. With a new foreword by the author. aNew York,bBallantine Booksc1965 a507 p.bmaps.c18 cm.0 aPt. 1. The fellowship of the ring.--Pt. 2. The two towers.--Pt. 3. The return of the king.10aBaggins, FrodovFiction. 0aMiddle Earth (Imaginary place)vFiction. 0aFantasy fiction, English.0 aFellowship of the ring.0 aTwo towers.0 aReturn of the king. a7bcbccorignewdueocipf19gy-gencatlg 2ddccBK 00102ddc4070aCLbCLcFICd2017-04-11l1o823.92 TOLpCL1125r2019-06-25s2019-06-25t1w2017-04-11yBK